Temps historique, connaissance historique (notice n° 2222541)
[ vue normale ]
| 000 -LEADER | |
|---|---|
| fixed length control field | 01815cam a2200169 4500500 |
| 005 - DATE AND TIME OF LATEST TRANSACTION | |
| control field | 20260426010553.0 |
| 041 ## - LANGUAGE CODE | |
| Language code of text/sound track or separate title | fre |
| 042 ## - AUTHENTICATION CODE | |
| Authentication code | dc |
| 100 10 - MAIN ENTRY--PERSONAL NAME | |
| Personal name | Pellauer, David |
| Relator term | author |
| 245 00 - TITLE STATEMENT | |
| Title | Temps historique, connaissance historique |
| 260 ## - PUBLICATION, DISTRIBUTION, ETC. | |
| Date of publication, distribution, etc. | 2005.<br/> |
| 500 ## - GENERAL NOTE | |
| General note | 25 |
| 520 ## - SUMMARY, ETC. | |
| Summary, etc. | David Pellauer* est devenu le traducteur de Ricœur au début des années 1970, après que le philosophe ait pris la succession de Paul Tillich à la Divinity School de l’Université de Chicago. Apprenant le français à même les textes de Ricœur, l’aidant pendant les cours à se faire entièrement comprendre, Pellauer fut l’un des principaux artisans de la traduction de son œuvre en langue anglaise. Nourri de ce dialogue de longue haleine avec l’œuvre de Ricœur, l’essai qu’il propose ici porte sur la vérité historique comme « expérience indirecte ». Après une analyse lexicographique du mot « histoire » et de ses multiples sens, il montre les apports de l’herméneutique philosophique, et singulièrement de la notion ricœurienne de « temps historique », pour une compréhension renouvelée de la contemporanéité et de l’anachronisme. Les intertitres sont de la rédaction. |
| 520 ## - SUMMARY, ETC. | |
| Summary, etc. | In this essay about historical truth as “indirect experience”, David Pellauer examines the word “history” in its various meanings both in English and French, and shows the impact of a philosophical hermeneutics – especially Ricœur’s notion of “historical time” – on a renewed interpretation of the idea of contemporaneousness and anachronism. |
| 786 0# - DATA SOURCE ENTRY | |
| Note | Études théologiques et religieuses | 80 | 4 | 2005-12-01 | p. 515-524 | 0014-2239 |
| 856 41 - ELECTRONIC LOCATION AND ACCESS | |
| Uniform Resource Identifier | <a href="https://shs.cairn.info/revue-etudes-theologiques-et-religieuses-2005-4-page-515?lang=fr&redirect-ssocas=7080">https://shs.cairn.info/revue-etudes-theologiques-et-religieuses-2005-4-page-515?lang=fr&redirect-ssocas=7080</a> |
Pas d'exemplaire disponible.




Réseaux sociaux